|
|
|
|
| LEADER |
00000nab a2200000ua 4500 |
| 001 |
vtls010844401 |
| 003 |
SK-MaSNL |
| 005 |
20260303135844.0 |
| 008 |
230218s1963 xo |||||||||||||||||slo| |
| 035 |
|
|
|a (urnnbn)urn:nbn:sk:snk:ar-a072zo
|
| 035 |
|
|
|a urn:nbn:sk:snk-ab669k
|
| 035 |
|
|
|a (uuid)29a90a92-3977-432a-b89d-fcfb073d49bf
|
| 040 |
|
|
|a SNKBUCL
|b slo
|c SNKBUCL
|e AACR2
|
| 041 |
0 |
|
|a slo
|
| 044 |
|
|
|a xo
|c SK
|
| 100 |
1 |
|
|a Juriga, František,
|d 1934-
|4 aut
|9 124901
|
| 245 |
1 |
0 |
|a K OTÁZKE HĹBKOVÉHO POKRAČOVANIA BANSKOŠTIAVNICKÝCH RUDNÝCH ŽÍL
|c František Juriga
|
| 773 |
0 |
|
|t Geologické práce : správy
|g Roč. 29, č. 29 (1963), s. 111-118
|
| 954 |
|
|
|a odborná, vedecká literatúra pôvodná (slovenská)
|2 lita
|
| 958 |
|
|
|a OND
|
| 958 |
|
|
|a EUIPO
|
| 958 |
|
|
|a article5
|
| 999 |
|
|
|c 1968402
|d 1970332
|